Homonym Slideshow II Quiz Stats

Quiz Updated Dec 31, 2014

Also try: Homonym Slideshow
Challenge
Share
Tweet
Score 0/18 Timer 06:00
7 Plays Today
% Correct
Bowl
99.7%
Bat
99.5%
Watch
99.2%
Nails
99.2%
Bow
99.2%
Sink
99.1%
Chips
98.7%
Tank
98.7%
Match
98.5%
% Correct
Flat
98.4%
Seal
97.9%
Remote
97.7%
Pins
97.6%
Roll
97.5%
Row
95.7%
Spring
94.2%
Yard
81.7%
Pound
80%

You're not logged in!

Compare scores with friends on all Sporcle quizzes.
Sign Up with Email
OR
Log In

You Might Also Like...

Show Comments

Extras

Top Quizzes Today


Score Distribution

Your Account Isn't Verified!

In order to create a playlist on Sporcle, you need to verify the email address you used during registration. Go to your Sporcle Settings to finish the process.